| 000 | 00544nam a2200205 a 4500 | ||
|---|---|---|---|
| 001 | BRCA_7025 | ||
| 005 | 20190321142926.0 | ||
| 008 | 291111s1921----gw-a######---#000-0#ger-# | ||
| 041 | _ager | ||
| 044 | _agw | ||
| 050 | 4 | _b.H34 1921 | |
| 100 | 1 |
_aHaeckel, Ernst _d1834-1919 _916712 |
|
| 245 | 1 | 0 |
_aItalienfahrt _bBriefe an die Braut 1859/1860 _cErnst Haeckel. |
| 260 |
_aLeipzig _bK. F. Koehler _c1921 |
||
| 300 |
_aviii, 184 p. _bil., 7 láminas _c22 cm. |
||
| 500 | _aL210 | ||
| 650 | 1 | 4 |
_aLiteratura _916400 |
| 902 | _aGFM | ||
| 942 |
_2lcc _cB |
||
| 999 |
_c6706 _d6706 |
||